Statistics for Past Bulgarias

Click here to take the quiz!

General Stats

  • This quiz has been taken 5 times
  • The average score is 4 of 13

Answer Stats

HintAnswer% Correct
1908-1946Third Bulgarian Tsardom
100%
1990-PresentRepublic of Bulgaria
75%
681-1018First Bulgarian Empire
50%
632-668Old Great Bulgaria
50%
1946-1990People's Republic of Bulgaria
50%
1878-1908Principality of Bulgaria
50%
1185-1396Second Bulgarian Empire
50%
1365-1591Beylerbeylik of Rumelia
0%
1356-1411Despotate of Dobruja
0%
1591-1867Eyalet of Rumelia
0%
1593-1864Eyalet of Silistra
0%
1018-1185Theme of Bulgaria
0%
1864-1878Vìlayet of the Danube
0%

Score Distribution

Percentile by Number Answered

Percent of People with Each Score

Your Score History

You have not taken this quiz